Music Quiz

Random Music or Album Quiz

Doors Albums Quiz Stats

 Plays Quiz Updated Feb 27, 2020

     
Support Sporcle.
Go Orange.
Score 0/9 Timer 03:00
4 Plays Today
Year Album Title % Correct
1967The Doors
95.9%
1971L.A. Woman
79.7%
1970Morrison Hotel
74.9%
1967Strange Days
69.6%
1969The Soft Parade
57.3%
1968Waiting for the Sun
54.9%
1978*An American Prayer
29%
1971*Other Voices
20.6%
1972*Full Circle
18.7%

From the Vault

'Lost' & 'Found' Songs

by JoeBeta

Music 2.5m
Is there any sort of reward for finding these songs?
Remove Ads.
Support Sporcle.
Get the best of Sporcle when you Go Orange. This ad-free experience offers more features, more stats, and more fun while also helping to support Sporcle. Thank you for becoming a member.

Show Comments

Extras

Top Quizzes Today


Score Distribution

Your Account Isn't Verified!

In order to create a playlist on Sporcle, you need to verify the email address you used during registration. Go to your Sporcle Settings to finish the process.

Report this User

Report this user for behavior that violates our Community Guidelines.

Details: